Las compras (Record no. 38678)

MARC details
000 -LEADER
campo de control de longitud fija 00668nam a2200205 i 4500
001 - NÚMERO DE CONTROL
campo de control 38678
003 - IDENTIFICADOR DE NÚMERO DE CONTROL
campo de control ES-MaACL
005 - FECHA Y HORA DE LA ÚLTIMA TRANSACCIÓN
campo de control 20230906155811.0
007 - CAMPO FIJO DE DESCRIPCIÓN FÍSICA--INFORMACIÓN GENERAL
campo de control de longitud fija t|
008 - DATOS DE LONGITUD FIJA--INFORMACIÓN GENERAL
campo de control de longitud fija 030226s1960 sp ||||1| spa d
100 1# - ENTRADA PRINCIPAL--NOMBRE DE PERSONA
Nombre de persona Calimeri, Michele.
9 (RLIN) 33674
245 14 - MENCIÓN DEL TÍTULO
Título Las compras
Resto del título : cómo programarlas, organizarlas y controlarlas /
Mención de responsabilidad, etc. por Michele Calimeri ; [traducción de J. Calm Domenech].
260 ## - PUBLICACIÓN, DISTRIBUCIÓN, ETC.
Lugar de publicación, distribución, etc. Barcelona :
Nombre del editor, distribuidor, etc. Hispano Europea,
Fecha de publicación, distribución, etc. [1960] (
Fabricante Myria)
300 ## - DESCRIPCIÓN FÍSICA
Extensión 288 p. ;
Dimensiones 24 cm.
490 1# - MENCIÓN DE SERIE
Mención de serie Colección Galileo
700 1# - ENTRADA AGREGADA--NOMBRE PERSONAL
Nombre de persona Calm Domenech, J.
9 (RLIN) 33761
830 0# - PUNTO DE ACCESO ADICIONAL DE SERIE-TÍTULO UNIFORME
Título uniforme Colección Galileo
9 (RLIN) 181173
852 ## - LOCALIZACIÓN
Ubicación ES-MaACL
Número de control de estantería C-19222
Sublocalización o colección R.46696
Holdings
Estatus retirado Estado de pérdida Estado de daño No para préstamo Biblioteca de origen Biblioteca actual Ubicación en estantería Fecha de adquisición Fuente de adquisición Total de préstamos Signatura topográfica completa Código de barras Visto por última vez Precio de reemplazo Tipo de ítem Koha
        Biblioteca del Ateneo de Madrid Biblioteca del Ateneo de Madrid Galería 17/01/2008     C-19222 1040730 23/02/2023 23/02/2023 Libro impreso